Online Catalogue and eLibrary

Militarisation in Sri Lanka (Record no. 4627)

MARC details
000 -LEADER
fixed length control field 00410nam a2200169Ia 4500
005 - DATE AND TIME OF LATEST TRANSACTION
control field 20240605043157.0
008 - FIXED-LENGTH DATA ELEMENTS--GENERAL INFORMATION
fixed length control field 240331s9999 xx 000 0 und d
020 ## - INTERNATIONAL STANDARD BOOK NUMBER
ISBN 1852010002
082 ## - DDC Classification
Item Number - Author Mark VIJ
Class No. 355
100 ## - MAIN ENTRY--PERSONAL NAME
Personal name Vije,M
245 #0 - TITLE STATEMENT
Title Militarisation in Sri Lanka
260 ## - PUBLICATION, DISTRIBUTION, ETC.
Place of publication, distribution, etc. London
Name of publisher, distributor, etc. Tamil Information Centre
Date of publication, distribution, etc. 1986
300 ## - PHYSICAL DESCRIPTION
Extent (e.g. Volumes, Pages etc.) ix,100 p.,
650 ## - SUBJECT ADDED ENTRY--TOPICAL TERM
Topical term or geographic name entry element Human Rights
650 ## - SUBJECT ADDED ENTRY--TOPICAL TERM
Topical term or geographic name entry element Violation
942 ## - Koha item type (Biblio)
Koha item type Books in Stacks (Lending)
Holdings
Lost status Damaged status Collection code Home library Current library Shelving location Date acquired Full call number Accession Number Item type
    Lending WERC Library WERC Library Social Science Cupboard 03/31/2024 355 VIJ 6009 Books in Stacks (Lending)

© WERC Library